Statistics for Most popular cars made from each country

Click here to take the quiz!

General Stats

  • This quiz has been taken 20 times
  • The average score is 5 of 12

Answer Stats

CountryHintAnswer% Correct
USA 1"America's" Pickup TruckFord F-150
76%
ItalyMost Classic Italian Compact CarFiat 500
59%
JapanMost Units Sold Globally, SedanToyota Corolla
59%
FranceFrench Hatchback, Logo has a lion on itPeugeot 208
47%
United KingdomAlso Known As Opel, this is a sedanVauxhall Corsa
47%
SwedenSwedish Full-Size SUVVolvo XC60
47%
USA 2Electric SUV by Elon MuskTesla Model Y
41%
JapanMost Units Sold by an SUVToyota RAV-4
41%
GermanyGerman SUV, with 311,000 units sold in 2022Volkswagen Tiguan
41%
AustrailiaAustrailia's Original Car Turned into a modern beastHolden HSV
6%
South KoreaSouth Korean SUV, popular in the USA tooHyundai Tuscon
6%
ChinaChinese SUV very popular among Chinese peopleBYD Song
0%

Score Distribution

Percentile by Number Answered

Percent of People with Each Score

Your Score History

You have not taken this quiz